Sports Quiz

Random Sports Quiz
Score 0/19 Timer 15:00
1 Play Today
Hint Answer % Correct
2Bayern Munich
97.3%
2Paris-SG
78.9%
2RB Leipzig
58.6%
4Hertha Berlin
57.9%
2Schalke 04
55.8%
2Union Berlin
55.3%
3Werder Brême
48.5%
2FC Cologne
44.2%
1Lazio Rome
42%
2Eintracht Francfort
34.7%
Hint Answer % Correct
4Club Bruges
34.3%
2Borussia Mönchengladbach
33.3%
2Fribourg
30.3%
1Zénith Saint-Pétersbourg
28.2%
3Augsbourg
19.9%
3 (sél.)Roumanie
18.7%
1 (sél.)Autriche
18.2%
1Fortuna Düsseldorf
15.1%
2 (sél.)Irlande du Nord
10.3%
Remove Ads.
Support Sporcle.
Get the best of Sporcle when you Go Orange. This ad-free experience offers more features, more stats, and more fun while also helping to support Sporcle. Thank you for becoming a member.

You're not logged in!

Compare scores with friends on all Sporcle quizzes.
OR
Log In

Show Comments

Extras

Created Dec 4, 2020ReportNominate
Tags:2020, les, route, Victim

Top Quizzes Today


Score Distribution

Your Account Isn't Verified!

In order to create a playlist on Sporcle, you need to verify the email address you used during registration. Go to your Sporcle Settings to finish the process.

Report this User

Report this user for behavior that violates our Community Guidelines.

Details: